Le pétrole et le gaz
Đã lưu trong:
| Hovedforfatter: | |
|---|---|
| Format: | Bog |
| Sprog: | Undetermined |
| Udgivet: |
Paris
Librairie Larousse
1976
|
| Fag: | |
| Tags: |
Tilføj Tag
Ingen Tags, Vær først til at tagge denne postø!
|
| Thư viện lưu trữ: | Trung tâm Học liệu Trường Đại học Cần Thơ |
|---|
| LEADER | 00443nam a2200169Ia 4500 | ||
|---|---|---|---|
| 001 | CTU_78439 | ||
| 008 | 210402s9999 xx 000 0 und d | ||
| 082 | |a 665.5 | ||
| 082 | |b P497 | ||
| 100 | |a Borjeix, Jean | ||
| 245 | 0 | |a Le pétrole et le gaz | |
| 245 | 0 | |c Jean Borjeix | |
| 260 | |a Paris | ||
| 260 | |b Librairie Larousse | ||
| 260 | |c 1976 | ||
| 650 | |a Liquefied petroleum gas | ||
| 980 | |a Trung tâm Học liệu Trường Đại học Cần Thơ | ||